| 000 | 00729nam a2200157 a 4500 | ||
|---|---|---|---|
| 001 | 000040364 | ||
| 005 | 20201002034102.0 | ||
| 008 | 130822s2010 mx 000 0 spa d | ||
| 020 | _a9786070215469 | ||
| 040 |
_aDO-SdBNP _bspa _cBNPHU |
||
| 100 | 1 |
_aTrabulse, Elías _966663 |
|
| 245 | 1 | 3 |
_aLa justa de los cometas : _bDon Carlos de Sigüenza y Góngora y la astronomía de su siglo : discurso de ingreso a la Academia Mexicana de la Lengua, 24 de mayo de 2001, respuesta de Jaime Labastida / _cElías Trabulse ; respuesta de Jaime Labastida. |
| 260 |
_aMéxico : _bDirección General de Publicaciones y Fomento Editorial : _bAcademia Mexicana de la Lengua, _c2010. |
||
| 300 |
_a64 p. ; _c18 cm. |
||
| 700 | 1 |
_aLabastida, Jaime _965036 |
|
| 999 |
_c39854 _d39854 |
||